[Event "First Saturday 2009 februar FM-A"]
[Site "Budapest"]
[Date "2009.02.12"]
[Round "6"]
[White "Yip, Michael"]
[Black "Letay, Gyula"]
[Result "1/2-1/2"]
[WhiteElo "2089"]
[BlackElo "2060"]
[PlyCount "127"]
[EventDate "2009.02.07"]

1. d4 d5 2. c4 e6 3. g3 Nf6 4. Nf3 Be7 5. Bg2 O-O 6. O-O b6 7. Qc2 Bb7 8. Rd1
c6 9. Nc3 Nbd7 10. b3 Rc8 11. e4 dxe4 12. Ng5 h6 13. Ngxe4 Nxe4 14. Nxe4 Nf6
15. c5 Nd5 16. Bb2 Qc7 17. a3 Rce8 18. b4 f5 19. Nd2 f4 20. Nf3 Bf6 21. Re1 b5
22. Ne5 Bxe5 23. Rxe5 f3 24. Bh3 Bc8 25. Rae1 Rf6 26. Qe4 Qf7 27. Bg4 Bd7 28.
h4 g6 29. Qd3 Kg7 30. Bc1 Ne7 31. Qd2 Ng8 32. R1e4 Re7 33. Qd3 Qf8 34. Bf4 Ref7
35. Qe3 Rf5 36. Qd2 Rxe5 37. Bxe5+ Kh7 38. Rf4 Ne7 39. Rxf7+ Qxf7 40. Qe3 Nd5
41. Qd3 Kg8 42. Bxf3 h5 43. Be4 Be8 44. Kg2 Ne7 45. Qd2 Nf5 46. Bc2 Qd7 47. Bb3
Qe7 48. Qf4 Bd7 49. Qe4 Kh7 50. Bf4 Qf6 51. Qe5 Qf7 52. Bg5 Qg7 53. Qf6 Nxd4
54. Bd1 e5 55. Qd8 Ne6 56. Qb8 Nxg5 57. hxg5 Bf5 58. Qd6 Be4+ 59. Bf3 Bxf3+ 60.
Kxf3 Qf7+ 61. Ke3 e4 62. Qf4 Qd5 63. Qxe4 Qxg5+ 64. Kf3 1/2-1/2

[Event "First Saturday 2009 februar FM-A"]
[Site "Budapest"]
[Date "2009.02.12"]
[Round "6"]
[White "Borda, Lajos"]
[Black "Gruz, Janos"]
[Result "1/2-1/2"]
[WhiteElo "2142"]
[BlackElo "2057"]
[PlyCount "60"]
[EventDate "2009.02.07"]

1. e4 e6 2. Qe2 c5 3. g3 Nc6 4. Bg2 d6 5. c3 Nf6 6. Na3 Be7 7. Nc2 Qb6 8. Nf3
O-O 9. O-O Bd7 10. d3 Rad8 11. b3 Rfe8 12. d4 cxd4 13. cxd4 Nb4 14. Nxb4 Qxb4
15. Bd2 Qb5 16. Qe3 Bc6 17. Ne1 Qa6 18. f3 Bb5 19. Rf2 Rc8 20. a4 Bd7 21. Bf1
Qb6 22. a5 Qc7 23. Bb4 a6 24. Rc2 Qb8 25. Rac1 Rxc2 26. Rxc2 Rc8 27. Rxc8+ Qxc8
28. Qc3 Kf8 29. Kf2 Qxc3 30. Bxc3 Ne8 1/2-1/2

[Event "First Saturday 2009 februar FM-A"]
[Site "Budapest"]
[Date "2009.02.12"]
[Round "6"]
[White "Mayer, Istvan"]
[Black "Zilahi, Gabor"]
[Result "1-0"]
[WhiteElo "2117"]
[BlackElo "1995"]
[PlyCount "103"]
[EventDate "2009.02.07"]

1. e4 c6 2. d4 d5 3. Nc3 dxe4 4. Nxe4 Nf6 5. Nxf6+ gxf6 6. Bc4 Bf5 7. Ne2 Rg8
8. c3 e6 9. Ng3 Bg6 10. h4 h5 11. Nxh5 Bd6 12. Be3 Nd7 13. Nf4 Be4 14. Qb3 Bxf4
15. Bxf4 Nb6 16. Bf1 Qe7 17. f3 Bh7 18. O-O-O O-O-O 19. g4 e5 20. Be3 Nd5 21.
c4 Nxe3 22. Qxe3 Rge8 23. d5 Kb8 24. Bd3 Bxd3 25. Rxd3 cxd5 26. cxd5 Qb4 27.
Kb1 Rd7 28. h5 Red8 29. h6 Rh8 30. h7 Qf8 31. Qe4 Qg7 32. d6 Qg6 33. Qxg6 fxg6
34. Rh6 f5 35. Rxg6 Rdxh7 36. gxf5 Rf7 37. f6 Kc8 38. Rg5 Rxf6 39. Rxe5 Rd8 40.
Rc5+ Kb8 41. Rcd5 Rd7 42. Kc2 Kc8 43. Kc3 Kd8 44. Kc4 Rdf7 45. Rh5 Kd7 46. Ra5
a6 47. Kc5 Rxf3 48. Rxf3 Rxf3 49. Kb6 Rd3 50. Kxb7 Rxd6 51. Rxa6 Rd2 52. b4 1-0

[Event "First Saturday 2009 februar FM-A"]
[Site "Budapest"]
[Date "2009.02.12"]
[Round "6"]
[White "Lakat, Gyula"]
[Black "Bolvary, Tamara"]
[Result "0-1"]
[WhiteElo "1977"]
[BlackElo "2027"]
[PlyCount "99"]
[EventDate "2009.02.07"]

1. e4 c5 2. Nf3 e6 3. d4 cxd4 4. Nxd4 a6 5. Nb3 Qc7 6. Nc3 b5 7. a3 Bb7 8. Bd3
Nf6 9. Qe2 d6 10. O-O Be7 11. f4 Nbd7 12. f5 e5 13. g4 h6 14. Be3 Nc5 15. Nd2
d5 16. exd5 Nxd5 17. Nxd5 Bxd5 18. b4 Nxd3 19. cxd3 Rc8 20. Ne4 Bxe4 21. dxe4
Qc4 22. Qf3 O-O 23. Rad1 Rfd8 24. Rxd8+ Rxd8 25. f6 Bxf6 26. Bxh6 Rd3 27. Qf5
Qd4+ 28. Kg2 gxh6 29. Qxf6 Qxe4+ 30. Kg1 Qxg4+ 31. Kh1 Qe4+ 32. Kg1 Qg6+ 33.
Qxg6+ fxg6 34. Rf6 Rxa3 35. Rxg6+ Kh7 36. Re6 Ra4 37. Kf2 Rxb4 38. Rxa6 Rb2+
39. Kg3 e4 40. Kf4 Rxh2 41. Kxe4 b4 42. Ra1 b3 43. Rb1 b2 44. Kf5 h5 45. Kg5 h4
46. Kg4 Kg6 47. Rd1 Kf6 48. Re1 Rc2 49. Rb1 Ke5 50. Kf3 0-1

[Event "First Saturday 2009 februar FM-A"]
[Site "Budapest"]
[Date "2009.02.12"]
[Round "6"]
[White "Darazs, Zoltan"]
[Black "Schuetz, Peter"]
[Result "1-0"]
[WhiteElo "2239"]
[BlackElo "1974"]
[PlyCount "71"]
[EventDate "2009.02.07"]

1. d4 d5 2. Nf3 Nf6 3. c4 dxc4 4. Nc3 c5 5. d5 e6 6. e4 exd5 7. e5 d4 8. exf6
dxc3 9. Qxd8+ Kxd8 10. Bxc4 gxf6 11. Bxf7 Ke7 12. Bd5 Kd6 13. Bb3 Bg7 14. bxc3
Re8+ 15. Be3 Na6 16. O-O-O+ Kc7 17. Bf4+ Kb6 18. Rd6+ Ka5 19. Nd2 b5 20. Bd5
Rb8 21. Nb3+ Ka4 22. Rc6 c4 23. Bxb8 Nxb8 24. Nd4 Nxc6 25. Bxc6 Re5 26. f4 Rh5
27. Re1 Bh6 28. g3 a6 29. Re8 Bg4 30. h4 Rc5 31. Kb2 Bh5 32. Rb8 Ka5 33. Be4
Ka4 34. Bc2+ Ka5 35. Nb3+ cxb3 36. axb3 1-0

[Event "First Saturday 2009 februar FM-A"]
[Site "Budapest"]
[Date "2009.02.13"]
[Round "7"]
[White "Schuetz, Peter"]
[Black "Prorok, Marton"]
[Result "0-1"]
[WhiteElo "1974"]
[BlackElo "2036"]
[PlyCount "67"]
[EventDate "2009.02.07"]

1. e4 e5 2. Nf3 f5 3. Nxe5 Qf6 4. d4 d6 5. Nc4 fxe4 6. Nc3 Qg6 7. Nd5 Qf7 8.
Nce3 c6 9. Nc3 d5 10. Be2 Nf6 11. f3 exf3 12. Bxf3 Bd6 13. Qd3 Na6 14. O-O O-O
15. a3 Be6 16. b4 Nc7 17. Bd2 Qd7 18. Na4 b6 19. Nb2 Bf7 20. c4 Bg6 21. Qb3 Ne4
22. Rad1 Rae8 23. Bc1 Qe7 24. g3 Rxf3 25. Rxf3 Ng5 26. Nf5 Nxf3+ 27. Qxf3 Qf7
28. Rf1 Rf8 29. Nh4 dxc4 30. Qxf7+ Bxf7 31. Nf5 Rd8 32. Re1 Nb5 33. Bg5 Rd7 34.
Nxd6 0-1

[Event "First Saturday 2009 februar FM-A"]
[Site "Budapest"]
[Date "2009.02.13"]
[Round "7"]
[White "Bolvary, Tamara"]
[Black "Darazs, Zoltan"]
[Result "1/2-1/2"]
[WhiteElo "2027"]
[BlackElo "2239"]
[PlyCount "28"]
[EventDate "2009.02.07"]

1. e4 e5 2. Nf3 Nc6 3. Bb5 a6 4. Ba4 Nf6 5. O-O Be7 6. Re1 b5 7. Bb3 O-O 8. d3
d6 9. c3 Na5 10. Bc2 c5 11. Nbd2 Nc6 12. Nf1 Re8 13. h3 Bf8 14. a4 Bb7 1/2-1/2

[Event "First Saturday 2009 februar FM-A"]
[Site "Budapest"]
[Date "2009.02.13"]
[Round "7"]
[White "Zilahi, Gabor"]
[Black "Lakat, Gyula"]
[Result "1/2-1/2"]
[WhiteElo "1995"]
[BlackElo "1977"]
[PlyCount "108"]
[EventDate "2009.02.07"]

1. d4 Nf6 2. Nf3 b6 3. g3 Bb7 4. Bg2 e6 5. O-O Be7 6. c4 d5 7. Nc3 O-O 8. cxd5
Nxd5 9. Ne5 Nxc3 10. bxc3 Bxg2 11. Kxg2 c5 12. Qd3 f6 13. Qf3 Qd5 14. e4 Qb7
15. Nd3 Nd7 16. Re1 cxd4 17. cxd4 e5 18. d5 Rac8 19. Bd2 Rc2 20. Bb4 Bxb4 21.
Nxb4 Rc5 22. Qf5 Re8 23. Qh5 g6 24. Qd1 a5 25. Nd3 Rc4 26. Rc1 Rd4 27. Qb3 Kg7
28. Rc6 Qa6 29. Rc7 Rd8 30. Re3 Kh6 31. Qa3 Nc5 32. Nxc5 bxc5 33. Qxc5 Rd1 34.
Qc4 Qxc4 35. Rxc4 f5 36. exf5 R8xd5 37. fxg6 hxg6 38. Rce4 R1d2 39. a4 Ra2 40.
Rxe5 Rxe5 41. Rxe5 Rxa4 42. h4 Kg7 43. f4 Kf6 44. Kh3 Ra1 45. Kg4 a4 46. Ra5
Ra3 47. Ra6+ Kf7 48. Kh3 Kg7 49. h5 gxh5 50. Kh4 Kf7 51. Kxh5 Rxg3 52. Rxa4 Rg1
53. Ra6 Rg2 54. f5 Rg1 1/2-1/2

[Event "First Saturday 2009 februar FM-A"]
[Site "Budapest"]
[Date "2009.02.13"]
[Round "7"]
[White "Gruz, Janos"]
[Black "Mayer, Istvan"]
[Result "0-1"]
[WhiteElo "2057"]
[BlackElo "2117"]
[PlyCount "66"]
[EventDate "2009.02.07"]

1. Nf3 c5 2. c4 Nc6 3. g3 g6 4. Bg2 Bg7 5. O-O Nf6 6. Nc3 O-O 7. d3 d6 8. h3
Bd7 9. e4 Ne5 10. Be3 Nxf3+ 11. Qxf3 Bc6 12. Rab1 a6 13. b4 Nd7 14. b5 axb5 15.
cxb5 Bxc3 16. bxc6 bxc6 17. Qe2 Ra7 18. Rfc1 Bg7 19. h4 Qa8 20. Rc2 Ra4 21. f4
Qa6 22. Rb3 Ra8 23. e5 dxe5 24. Bxc5 Nxc5 25. Rxc5 Rxa2 26. Rc2 exf4 27. Rxa2
Bd4+ 28. Kh2 Qxa2 29. Qxa2 Rxa2 30. gxf4 Bf2 31. Kh3 Bxh4 32. Bxc6 Bf6 33. Bf3
Rf2 0-1

[Event "First Saturday 2009 februar FM-A"]
[Site "Budapest"]
[Date "2009.02.13"]
[Round "7"]
[White "Letay, Gyula"]
[Black "Borda, Lajos"]
[Result "1-0"]
[WhiteElo "2060"]
[BlackElo "2142"]
[PlyCount "71"]
[EventDate "2009.02.07"]

1. e4 c5 2. Nc3 a6 3. g3 Nc6 4. Bg2 d6 5. a4 g6 6. d3 Bg7 7. Be3 e6 8. Qd2 Nd4
9. Nge2 Ne7 10. O-O Nxe2+ 11. Qxe2 Nc6 12. Qd2 O-O 13. Bh6 Bxh6 14. Qxh6 Nd4
15. Qd2 Rb8 16. Nd1 b5 17. axb5 axb5 18. Ne3 f5 19. f4 Bb7 20. Qd1 Qb6 21. Kh1
Bc8 22. c3 Nc6 23. g4 c4 24. d4 fxg4 25. Nxg4 h5 26. Ne3 Ne7 27. Qc2 Bb7 28.
Rae1 Rbe8 29. Rf2 d5 30. Rg1 Kh7 31. f5 exf5 32. exf5 Kh6 33. Qd2 g5 34. h4 Qf6
35. hxg5+ Qxg5 36. Bh3 1-0

[Event "First Saturday 2009 februar FM-A"]
[Site "Budapest"]
[Date "2009.02.13"]
[Round "7"]
[White "Ngo Tan, Don"]
[Black "Yip, Michael"]
[Result "1-0"]
[WhiteElo "1929"]
[BlackElo "2089"]
[PlyCount "79"]
[EventDate "2009.02.07"]

1. e4 c6 2. d4 d5 3. exd5 cxd5 4. c4 Nf6 5. Nc3 Nc6 6. Nf3 Be6 7. c5 g6 8. Bb5
Bg7 9. O-O O-O 10. a3 Ne4 11. Na2 Qc7 12. h3 b6 13. Bxc6 Qxc6 14. cxb6 Qxb6 15.
Nc3 Rac8 16. Na4 Qa6 17. b4 Nc3 18. Nxc3 Rxc3 19. Bb2 Rc4 20. Nd2 Rc7 21. Nb3
Qb5 22. Qd2 f6 23. Nc5 Bf7 24. Rfe1 Rfc8 25. Bc3 Qb6 26. a4 Qd6 27. f4 a5 28.
b5 e5 29. fxe5 fxe5 30. Bxa5 Rxc5 31. dxc5 Qxc5+ 32. Kh1 Re8 33. Bb4 Qc4 34.
Rac1 Qh4 35. b6 Be6 36. b7 Bh6 37. Qc3 d4 38. Qc6 Qd8 39. Ba5 Qe7 40. Rb1 1-0

[Event "First Saturday 2009 februar FM-A"]
[Site "Budapest"]
[Date "2009.02.14"]
[Round "8"]
[White "Prorok, Marton"]
[Black "Yip, Michael"]
[Result "1/2-1/2"]
[WhiteElo "2036"]
[BlackElo "2089"]
[PlyCount "25"]
[EventDate "2009.02.07"]

1. e4 c6 2. d4 d5 3. e5 Bf5 4. g4 Bd7 5. Be3 e6 6. Bd3 Qb6 7. Qc1 c5 8. c3 Nc6
9. Ne2 Rc8 10. dxc5 Bxc5 11. Bxc5 Qxc5 12. Qg5 Nge7 13. Nd2 1/2-1/2

[Event "First Saturday 2009 februar FM-A"]
[Site "Budapest"]
[Date "2009.02.14"]
[Round "8"]
[White "Borda, Lajos"]
[Black "Ngo Tan, Don"]
[Result "1/2-1/2"]
[WhiteElo "2142"]
[BlackElo "1929"]
[PlyCount "50"]
[EventDate "2009.02.07"]

1. d4 Nf6 2. c4 g6 3. Nc3 d5 4. cxd5 Nxd5 5. Bd2 Bg7 6. e4 Nb6 7. Be3 O-O 8. f4
Nc6 9. d5 Na5 10. Bd4 Bg4 11. Be2 Bxe2 12. Ngxe2 Nac4 13. Bxg7 Kxg7 14. b3 Nd6
15. O-O Qd7 16. Nd4 Rac8 17. Qe2 c6 18. dxc6 bxc6 19. Rad1 Qb7 20. e5 Ne8 21.
Qf3 e6 22. Kh1 Nd5 23. Rc1 c5 24. Nde2 Qa6 25. f5 Nxc3 1/2-1/2

[Event "First Saturday 2009 februar FM-A"]
[Site "Budapest"]
[Date "2009.02.14"]
[Round "8"]
[White "Mayer, Istvan"]
[Black "Letay, Gyula"]
[Result "1/2-1/2"]
[WhiteElo "2117"]
[BlackElo "2060"]
[PlyCount "28"]
[EventDate "2009.02.07"]

1. e4 c5 2. Nf3 d6 3. d4 cxd4 4. Nxd4 Nf6 5. Nc3 a6 6. Be2 e5 7. Nb3 Be6 8. Be3
Qc7 9. O-O Nbd7 10. f4 Be7 11. Kh1 b5 12. a3 O-O 13. f5 Bc4 14. Bxc4 Qxc4
1/2-1/2

[Event "First Saturday 2009 februar FM-A"]
[Site "Budapest"]
[Date "2009.02.14"]
[Round "8"]
[White "Lakat, Gyula"]
[Black "Gruz, Janos"]
[Result "1-0"]
[WhiteElo "1977"]
[BlackElo "2057"]
[PlyCount "131"]
[EventDate "2009.02.07"]

1. e4 e6 2. d4 d5 3. Nd2 dxe4 4. Nxe4 Bd7 5. Nf3 Bc6 6. Bd3 Nd7 7. c3 Ngf6 8.
Bg5 Be7 9. Bxf6 Nxf6 10. Qe2 Nxe4 11. Bxe4 Bxe4 12. Qxe4 c6 13. O-O O-O 14. Ne5
Qd5 15. Qe2 Rad8 16. b4 a6 17. a4 Bd6 18. Nc4 Bc7 19. a5 Qb5 20. Rfe1 Rd5 21.
Qa2 Rh5 22. g3 Qd5 23. Qe2 Qg5 24. Rad1 Qh6 25. f4 Rd5 26. Ne3 Rd6 27. Kg2 Qf6
28. h4 Rd7 29. Ng4 Qd8 30. h5 h6 31. Ne3 Qf6 32. Ng4 Qd8 33. Rf1 Qe7 34. Rde1
Qd6 35. Ne5 Qd5+ 36. Qf3 Qxf3+ 37. Nxf3 Rfd8 38. Re4 Kf8 39. g4 Kg8 40. g5 Kh7
41. Nh4 Rd5 42. g6+ Kg8 43. gxf7+ Kxf7 44. f5 e5 45. Ng6 Kf6 46. Kf3 Re8 47.
Kg4 Red8 48. Rfe1 Re8 49. Nf4 Rdd8 50. Ne6 Rxe6 51. fxe6 Kxe6 52. c4 Rf8 53.
Rxe5+ Bxe5 54. Rxe5+ Kd7 55. Rf5 Rg8 56. Rf7+ Ke6 57. Rxb7 g6 58. Rb6 gxh5+ 59.
Kxh5 Kd7 60. Rxa6 Rg5+ 61. Kxh6 Rg4 62. Ra7+ Kc8 63. Ra6 Kb7 64. Rb6+ Kc7 65.
d5 cxd5 66. cxd5 1-0

[Event "First Saturday 2009 februar FM-A"]
[Site "Budapest"]
[Date "2009.02.14"]
[Round "8"]
[White "Darazs, Zoltan"]
[Black "Zilahi, Gabor"]
[Result "1-0"]
[WhiteElo "2239"]
[BlackElo "1995"]
[PlyCount "63"]
[EventDate "2009.02.07"]

1. e4 c6 2. d4 d5 3. exd5 cxd5 4. c4 Nf6 5. Nc3 Nc6 6. Bg5 Be6 7. a3 dxc4 8.
Bxf6 exf6 9. d5 Bc5 10. dxe6 Qe7 11. Bxc4 fxe6 12. Nf3 Bxf2+ 13. Kxf2 Qc5+ 14.
Kf1 Qxc4+ 15. Qe2 Qxe2+ 16. Kxe2 Kf7 17. Rhd1 Rhe8 18. Nb5 Re7 19. Rd2 e5 20.
Rad1 a6 21. Nc3 Nd4+ 22. Kf2 Nc6 23. Nd5 Rd7 24. Nb6 Rxd2+ 25. Rxd2 Re8 26.
Rd7+ Kg6 27. Nh4+ Kg5 28. g3 g6 29. Rxh7 e4 30. Ng2 Re5 31. Ne3 f5 32. Nbd5 1-0

[Event "First Saturday 2009 februar FM-A"]
[Site "Budapest"]
[Date "2009.02.14"]
[Round "8"]
[White "Schuetz, Peter"]
[Black "Bolvary, Tamara"]
[Result "1/2-1/2"]
[WhiteElo "1974"]
[BlackElo "2027"]
[PlyCount "120"]
[EventDate "2009.02.07"]

1. e4 c5 2. Nc3 e6 3. f4 d5 4. Bb5+ Nc6 5. Nf3 d4 6. Bxc6+ bxc6 7. Nb1 g6 8. d3
Bg7 9. O-O Ne7 10. b3 O-O 11. Nbd2 Ba6 12. Ba3 Qa5 13. Bb2 f6 14. Qe2 Bh6 15.
g3 e5 16. Nh4 Nc8 17. Nc4 Bxc4 18. dxc4 Qc7 19. f5 Kf7 20. Qg4 Be3+ 21. Kh1 g5
22. Qh5+ Kg7 23. Ng2 Bd2 24. Rad1 Ba5 25. Bc1 Qf7 26. Qxf7+ Rxf7 27. Ba3 Nd6
28. Bxc5 Nxe4 29. Ba3 Nc3 30. Ra1 e4 31. b4 Bc7 32. Bb2 Ne2 33. Rf2 d3 34. cxd3
exd3 35. Rd1 Rd8 36. Ne1 Rfd7 37. Nf3 g4 38. Ng5 Be5 39. Bxe5 fxe5 40. Ne6+ Kf6
41. Nxd8 Nc3 42. Rxd3 Rxd3 43. Nxc6 e4 44. Rf1 e3 45. Re1 e2 46. Kg2 Rd2 47.
Nxa7 Nd1 48. Nb5 Kxf5 49. Nc7 Ke5 50. Nd5 Kd4 51. b5 Kxc4 52. Nf4 Ne3+ 53. Kg1
Rd1 54. Kf2 Rxe1 55. Kxe1 Kxb5 56. Kxe2 Nf5 57. Kd3 Ka4 58. Ke4 Nd6+ 59. Kd5
Nf5 60. Ke4 Nd6+ 1/2-1/2

[Event "First Saturday 2009 februar FM-A"]
[Site "Budapest"]
[Date "2009.02.15"]
[Round "9"]
[White "Bolvary, Tamara"]
[Black "Prorok, Marton"]
[Result "1/2-1/2"]
[WhiteElo "2027"]
[BlackElo "2036"]
[PlyCount "56"]
[EventDate "2009.02.07"]

1. e4 c5 2. Nf3 d6 3. Bc4 Nf6 4. d3 Nc6 5. c3 g6 6. O-O Bg4 7. Nbd2 Bg7 8. h3
Bxf3 9. Nxf3 O-O 10. Bb3 e6 11. Re1 Nd7 12. d4 cxd4 13. cxd4 Rc8 14. Bg5 Qa5
15. Bf4 e5 16. Bd2 Qd8 17. Bc3 Qb6 18. dxe5 Ndxe5 19. Nxe5 dxe5 20. Bd5 Nd4 21.
Re3 Rc7 22. Bxd4 exd4 23. Rb3 Qa6 24. Rc1 Rfc8 25. Rxc7 Rxc7 26. Ra3 Qb5 27.
Rxa7 Qxb2 28. Qf3 Be5 1/2-1/2

[Event "First Saturday 2009 februar FM-A"]
[Site "Budapest"]
[Date "2009.02.15"]
[Round "9"]
[White "Zilahi, Gabor"]
[Black "Schuetz, Peter"]
[Result "1-0"]
[WhiteElo "1995"]
[BlackElo "1974"]
[PlyCount "93"]
[EventDate "2009.02.07"]

1. d4 d5 2. e3 Nf6 3. Bd3 Nbd7 4. f4 c5 5. c3 e6 6. Nd2 Bd6 7. Qe2 O-O 8. Ngf3
g6 9. Ne5 Nh5 10. O-O f5 11. Ndf3 Ndf6 12. b3 Ne4 13. Bb2 Bd7 14. Nxd7 Qxd7 15.
Rfd1 Rac8 16. Rac1 a6 17. c4 cxd4 18. Bxd4 Qe7 19. Bxe4 dxe4 20. Ne5 Nf6 21.
Bb2 Rfd8 22. Rc2 Bxe5 23. Bxe5 Rxd1+ 24. Qxd1 Ng4 25. Bd4 Rd8 26. Rd2 Kf7 27.
h3 Nf6 28. Bc3 Rxd2 29. Qxd2 Qd7 30. Qf2 Ng8 31. Bd4 Qe7 32. Qb2 h5 33. b4 Qh4
34. Bc3 Qd8 35. Bd4 Qh4 36. Qc3 Qd8 37. a4 g5 38. b5 axb5 39. axb5 gxf4 40.
exf4 Nf6 41. Kf2 h4 42. b6 Nh5 43. Be3 Qg8 44. Qd2 Qc8 45. c5 Nf6 46. Qd6 Nd5
47. Bd4 1-0

[Event "First Saturday 2009 februar FM-A"]
[Site "Budapest"]
[Date "2009.02.15"]
[Round "9"]
[White "Gruz, Janos"]
[Black "Darazs, Zoltan"]
[Result "0-1"]
[WhiteElo "2057"]
[BlackElo "2239"]
[PlyCount "96"]
[EventDate "2009.02.07"]

1. Nf3 c5 2. c4 Nf6 3. Nc3 b6 4. e4 d6 5. d3 Nc6 6. h3 e6 7. d4 cxd4 8. Nxd4
Bb7 9. Nf3 Be7 10. Bd3 O-O 11. Be3 Rc8 12. Rc1 Nb4 13. O-O Qc7 14. Nb5 Qb8 15.
Nc3 Qa8 16. Bb1 Nxe4 17. a3 Na6 18. b4 Nxc3 19. Rxc3 Be4 20. Qd2 Bf6 21. Bd4 e5
22. Be3 Rfe8 23. Ba2 Nc7 24. Rfc1 Ne6 25. Ne1 Qb7 26. f3 Bg6 27. Rd1 Qe7 28. g3
Bg5 29. Bxg5 Nxg5 30. h4 Ne6 31. Re3 Qc7 32. Ng2 Nd4 33. g4 h5 34. Qf2 a5 35.
b5 Kh8 36. Ree1 Qc5 37. Ne3 Qxa3 38. Rd2 Qc5 39. Kg2 Rf8 40. Nd5 Rce8 41. Ne3
hxg4 42. fxg4 f5 43. g5 Bh5 44. Rd3 Qc8 45. Nd5 f4 46. Rg1 Ne2 47. Re1 e4 48.
Rh3 e3 0-1

[Event "First Saturday 2009 februar FM-A"]
[Site "Budapest"]
[Date "2009.02.15"]
[Round "9"]
[White "Ngo Tan, Don"]
[Black "Mayer, Istvan"]
[Result "1/2-1/2"]
[WhiteElo "1929"]
[BlackElo "2117"]
[PlyCount "78"]
[EventDate "2009.02.07"]

1. e4 e6 2. d4 d5 3. Nc3 Bb4 4. e5 c5 5. a3 Ba5 6. Be3 cxd4 7. Bxd4 Nc6 8. Bb5
Nge7 9. Nge2 O-O 10. Qd2 Nxd4 11. Nxd4 Bd7 12. Bxd7 Qxd7 13. O-O Rfc8 14. b4
Bb6 15. Nce2 Nc6 16. Nxc6 Qxc6 17. c3 Qc4 18. Kh1 a5 19. f4 Qe4 20. h3 g6 21.
Rab1 a4 22. Rbd1 Rc4 23. Rf3 d4 24. Nxd4 Bxd4 25. cxd4 Rd8 26. Rd3 Rdc8 27. Qe3
Qd5 28. Qf3 Rc1 29. Qxd5 exd5 30. Rxc1 Rxc1+ 31. Kh2 Kf8 32. Kg3 Ke7 33. Kf3
Rc2 34. g3 Ke6 35. Kg4 h6 36. h4 Rb2 37. Kf3 h5 38. Rc3 Rb3 39. Re3 Kf5 1/2-1/2

[Event "First Saturday 2009 februar FM-A"]
[Site "Budapest"]
[Date "2009.02.15"]
[Round "9"]
[White "Yip, Michael"]
[Black "Borda, Lajos"]
[Result "0-1"]
[WhiteElo "2089"]
[BlackElo "2142"]
[PlyCount "82"]
[EventDate "2009.02.07"]

1. d4 d5 2. c4 e6 3. g3 Nf6 4. Nf3 Nbd7 5. Bg2 c6 6. b3 Ne4 7. O-O Be7 8. Qc2
f5 9. Nbd2 Bf6 10. Bb2 O-O 11. e3 g5 12. Ne5 Nxd2 13. Qxd2 g4 14. Nd3 Be7 15.
f3 gxf3 16. Bxf3 Kh8 17. Kh1 Nf6 18. Qe2 Bd6 19. c5 Bc7 20. b4 Qe7 21. a4 Bd7
22. Ne5 Rg8 23. Rg1 Rg5 24. Bc3 Rag8 25. b5 Qg7 26. Rab1 Bxe5 27. dxe5 Ng4 28.
Rb4 Qh6 29. Rg2 Be8 30. Be1 Qf8 31. Rf4 Qxc5 32. Bb4 Qb6 33. Bxg4 Rxg4 34. Be7
h6 35. Bf6+ Kh7 36. Qf2 cxb5 37. h3 Rxf4 38. gxf4 Rxg2 39. Qxg2 Bg6 40. a5 Qxe3
41. Qc2 Qe4+ 0-1

[Event "First Saturday 2009 februar FM-A"]
[Site "Budapest"]
[Date "2009.02.16"]
[Round "10"]
[White "Prorok, Marton"]
[Black "Borda, Lajos"]
[Result "1/2-1/2"]
[WhiteElo "2036"]
[BlackElo "2142"]
[PlyCount "44"]
[EventDate "2009.02.07"]

1. e4 c5 2. f4 a6 3. Nc3 b5 4. Nf3 Bb7 5. d3 e6 6. Be2 d5 7. exd5 exd5 8. O-O
Nf6 9. Re1 Be7 10. Ne5 O-O 11. Bf3 Re8 12. Be3 Nc6 13. Bf2 Nd4 14. Bxd4 cxd4
15. Ne2 Qb6 16. Ng3 Rad8 17. Nf5 Bb4 18. Re2 Bc8 19. a3 Bf8 20. Ng3 Bd6 21. Qf1
Bxe5 22. fxe5 Ng4 1/2-1/2

[Event "First Saturday 2009 februar FM-A"]
[Site "Budapest"]
[Date "2009.02.16"]
[Round "10"]
[White "Mayer, Istvan"]
[Black "Yip, Michael"]
[Result "1-0"]
[WhiteElo "2117"]
[BlackElo "2089"]
[PlyCount "67"]
[EventDate "2009.02.07"]

1. e4 c6 2. d4 d5 3. Nc3 dxe4 4. Nxe4 Bf5 5. Ng3 Bg6 6. h4 h6 7. h5 Bh7 8. Nf3
Nd7 9. Bd3 Bxd3 10. Qxd3 e6 11. Bd2 Ngf6 12. O-O-O Be7 13. Kb1 O-O 14. Ne4 Nxe4
15. Qxe4 Nf6 16. Qe2 Qd5 17. Rh4 Rad8 18. g4 Qe4 19. Be3 Nh7 20. g5 Qd5 21.
gxh6 Bxh4 22. Nxh4 f5 23. Ng6 Rf7 24. Nf4 Qd6 25. Rg1 e5 26. dxe5 Qxe5 27. Qc4
Ng5 28. Nd3 Qe6 29. Qh4 Rxd3 30. cxd3 Nf3 31. Qd8+ Kh7 32. Rg6 Qe5 33. hxg7
Rxg7 34. Rh6# 1-0

[Event "First Saturday 2009 februar FM-A"]
[Site "Budapest"]
[Date "2009.02.16"]
[Round "10"]
[White "Darazs, Zoltan"]
[Black "Letay, Gyula"]
[Result "1/2-1/2"]
[WhiteElo "2239"]
[BlackElo "2060"]
[PlyCount "26"]
[EventDate "2009.02.07"]

1. e4 c5 2. Nf3 d6 3. d4 cxd4 4. Nxd4 Nf6 5. Nc3 a6 6. Bg5 e6 7. f4 Be7 8. Qf3
Qc7 9. O-O-O h6 10. Bh4 Nbd7 11. Bd3 g5 12. fxg5 Ne5 13. Qe2 Nfg4 1/2-1/2

[Event "First Saturday 2009 februar FM-A"]
[Site "Budapest"]
[Date "2009.02.16"]
[Round "10"]
[White "Schuetz, Peter"]
[Black "Gruz, Janos"]
[Result "1-0"]
[WhiteElo "1974"]
[BlackElo "2057"]
[PlyCount "27"]
[EventDate "2009.02.07"]

1. e4 e6 2. Nc3 d5 3. d4 dxe4 4. Nxe4 Bd7 5. Nf3 Bc6 6. Bd3 Nd7 7. c3 Ngf6 8.
Ng3 Be7 9. O-O O-O 10. b4 b6 11. Qc2 Bb7 12. Ne5 Nxe5 13. dxe5 Qd5 14. f4 1-0

[Event "First Saturday 2009 februar FM-A"]
[Site "Budapest"]
[Date "2009.02.16"]
[Round "10"]
[White "Bolvary, Tamara"]
[Black "Zilahi, Gabor"]
[Result "1-0"]
[WhiteElo "2027"]
[BlackElo "1995"]
[PlyCount "79"]
[EventDate "2009.02.07"]

1. e4 c6 2. c4 d5 3. cxd5 cxd5 4. exd5 Nf6 5. Nc3 Nxd5 6. Nf3 e6 7. d4 Nc6 8.
Bd3 Be7 9. O-O O-O 10. Re1 a6 11. a3 Bf6 12. Bc2 g6 13. Bh6 Re8 14. Ne4 Bg7 15.
Bxg7 Kxg7 16. h4 h6 17. h5 g5 18. Qd3 Nf4 19. Qe3 Nd5 20. Qd2 f5 21. Nc5 Nf4
22. d5 Nxd5 23. Bxf5 Qf6 24. Bxe6 Bxe6 25. Nxe6+ Rxe6 26. Qxd5 Rae8 27. Rxe6
Rxe6 28. Rd1 Qf7 29. Qd7 Re7 30. Qg4 Qb3 31. Nd4 Nxd4 32. Qxd4+ Kh7 33. Qd6 Qf7
34. Qd3+ Kg7 35. Qc3+ Kh7 36. Rd6 Qxh5 37. Rd8 Qe2 38. Rh8+ Kg6 39. Rg8+ Kh5
40. Qh3# 1-0

[Event "First Saturday 2009 februar FM-A"]
[Site "Budapest"]
[Date "2009.02.17"]
[Round "11"]
[White "Zilahi, Gabor"]
[Black "Prorok, Marton"]
[Result "0-1"]
[WhiteElo "1995"]
[BlackElo "2036"]
[PlyCount "61"]
[EventDate "2009.02.07"]

1. d4 Nf6 2. Nf3 g6 3. g3 Bg7 4. Bg2 O-O 5. O-O d6 6. c4 Nc6 7. Nc3 a6 8. Qc2
Bg4 9. Rd1 Qd7 10. e4 e5 11. dxe5 Bxf3 12. Bxf3 Nxe5 13. Be2 Qh3 14. f4 Nfg4
15. Bxg4 Nxg4 16. Qg2 Qxg2+ 17. Kxg2 Bxc3 18. bxc3 Rfe8 19. Re1 f5 20. h3 Nf6
21. e5 Kf7 22. Ba3 dxe5 23. fxe5 Ne4 24. Rad1 Rad8 25. Bb2 Rxd1 26. Rxd1 Rxe5
27. Rd5 Ke6 28. Rd8 Nd6 29. Kf3 Nxc4 30. Bc1 Ra5 31. Bg5 0-1

[Event "First Saturday 2009 februar FM-A"]
[Site "Budapest"]
[Date "2009.02.17"]
[Round "11"]
[White "Gruz, Janos"]
[Black "Bolvary, Tamara"]
[Result "1/2-1/2"]
[WhiteElo "2057"]
[BlackElo "2027"]
[PlyCount "31"]
[EventDate "2009.02.07"]

1. Nf3 d5 2. d4 Nf6 3. c4 c6 4. e3 e6 5. Bd3 Nbd7 6. Nbd2 Bd6 7. O-O b6 8. e4
dxe4 9. Nxe4 Nxe4 10. Bxe4 Bb7 11. b3 Nf6 12. Bc2 Qc7 13. Qe2 h6 14. Bb2 Nh5
15. Ne5 Nf4 16. Qe3 1/2-1/2

[Event "First Saturday 2009 februar FM-A"]
[Site "Budapest"]
[Date "2009.02.17"]
[Round "11"]
[White "Borda, Lajos"]
[Black "Mayer, Istvan"]
[Result "1/2-1/2"]
[WhiteElo "2142"]
[BlackElo "2117"]
[PlyCount "28"]
[EventDate "2009.02.07"]

1. d4 d5 2. c4 e6 3. Nf3 Nf6 4. Nc3 c6 5. Bg5 h6 6. Bh4 dxc4 7. e4 g5 8. Bg3 h5
9. Be2 Be7 10. Qc2 Nbd7 11. Rd1 Bb4 12. Ne5 Qe7 13. O-O Nxe5 14. Bxe5 O-O
1/2-1/2